|
|
|
|
| LEADER |
01107naa a2200241 i 4500 |
| 001 |
publ7941 |
| 005 |
20190716152242.0 |
| 008 |
160909s2015 hu o 0|| zxx d |
| 020 |
|
|
|a 978-981-4612-14-2
|
| 024 |
7 |
|
|a 10.1142/9789814623995_0295
|2 doi
|
| 024 |
7 |
|
|a 2800641
|2 mtmt
|
| 040 |
|
|
|a SZTE Publicatio Repozitórium
|b hun
|
| 041 |
|
|
|a zxx
|
| 100 |
1 |
|
|a Kamenshchik Alexander
|
| 245 |
1 |
4 |
|a The paradox of soft singularity crossing avoided by distributional cosmological quantities
|h [elektronikus dokumentum] /
|c Kamenshchik Alexander
|
| 260 |
|
|
|a World Scientific
|b Singapore
|c 2015
|
| 300 |
|
|
|a 1847-1849
|
| 490 |
0 |
|
|a Proceedings of the Thirteenth Marcel Grossman Meeting on General Relativity
|
| 700 |
0 |
1 |
|a Keresztes Zoltán
|e aut
|
| 700 |
0 |
1 |
|a Gergely Árpád László
|e aut
|
| 856 |
4 |
0 |
|u http://publicatio.bibl.u-szeged.hu/7941/1/6_konf_kamenshchiketal2015.pdf
|z Dokumentum-elérés
|
| 856 |
4 |
0 |
|u http://publicatio.bibl.u-szeged.hu/7941/2/6_konf_preprint_1302.3950v1.pdf
|z Dokumentum-elérés
|
| 856 |
4 |
0 |
|u http://publicatio.bibl.u-szeged.hu/7941/13/13th_Marcel_Grossmann_meeting_tartj.pdf
|z Dokumentum-elérés
|